Sinking under the weight of corruption: neoliberal reform, political accountability and justice /
Guardado en:
| Hovedforfatter: | |
|---|---|
| Andre forfattere: | |
| Format: | Texto |
| Tags: |
Tilføj Tag
Ingen Tags, Vær først til at tagge denne postø!
|
MARC
| LEADER | 00000 a a2200000 04500 | ||
|---|---|---|---|
| 001 | 44823 | ||
| 003 | |||
| 040 | |||
| 100 | |a Soliman, Hussein | ||
| 245 | |a Sinking under the weight of corruption: |b neoliberal reform, political accountability and justice / |c Hussein Soliman, Sherry Cable | ||
| 500 | |a scable@utk.edu | ||
| 590 | |a DISEMINAR042013 | ||
| 700 | |a Cable, Sherry | ||
| 773 | |g volumen59, número6 ( , 2011), páginas 735-753 | ||
| 999 | |c 38578 |d 38578 | ||
